000 01108cam a2200313Ii 4500
001 1121084780
003 OSt
005 20250627142343.0
008 190929t20202020nyu e b 001 0 eng d
020 _a9780393358254 (paperback)
024 _cUSD 18
040 _aYDX
_beng
_erda
_cNUST
_dNUST
050 4 _aHF1359 FRI
100 1 _aFrieden, Jeffry A.
_eAuthor
245 1 0 _aGlobal capitalism :
_bits fall and rise in the twentieth century, and its stumbles in the twenty-first /
_cJeffry A. Frieden.
250 _aFirst edition.
260 _aNew York :
_bW.W. Norton and Company,
_c©2020.
300 _axv, 582 pages ;
_c21 cm.
336 _atext
_btxt
_2rdacontent
337 _aunmediated
_bn
_2rdamedia
338 _avolume
_bnc
_2rdacarrier
504 _aIncludes bibliographical references and index.
650 0 _vCapitalism.
650 0 _vCapitalism -- History -- 20th century
650 0 _vEconomic history.
650 0 _vGlobalization -- Economic aspects.
650 0 _vInternational finance -- History -- 21st century.
942 _2lcc
_cBOOKS
_hHF1359 FRI
_kHF
_mFRI
_n0
999 _c172134
_d172134